00629nam a2200217Ia 4500003000900000008004100009040001300050040001300063041000800076100001700084245003700101250000900138260000800147260000900155300001100164300001000175490000600185942000700191999001700198952019600215IT-RoPAU120407s9999 xx 000 0 und d aIT-RoPAU cIT-RoPAU aita aM. G. Baroni aPio II (Enea Silvio Piccolomini) aRoma aFSP c1938 a215 p. c17 cm v1 cBK c29005d29005 00102ddc406922_00000000000000071aPAULUSbPAULUSd2012-04-11l0o922.0r2012-04-11 00:00:00w2012-04-11yBKzInserito da: Carla In data: 24 ottobre 2011 fondo: Via A.Severo 56 Progr:29223